000 00936nam a2200277 a 4500
001 36870
003 BD-RjUL
005 20211209052543.0
008 140921s2003 caua b 001 0 eng
020 _a155860829X (pbk. : alk. paper)
035 _a(BD-RjUL)
040 _aDLC
_cDLC
_dDLC
_beng
041 _aeng
082 0 0 _a570.285
_221
245 0 0 _aBioinformatics :
_bmanaging scientific data /
_cedited by Zoé Lacroix and Terence Critchlow.
260 _aSan Francisco, CA :
_bMorgan Kaufmann Publishers,
_cc2003 [Reprinted 2005].
300 _axxi, 441 p. :
_bill. ;
_c24 cm.
504 _aIncludes bibliographical references and index.
650 0 _aBioinformatics.
_9112506
700 1 _aLacroix, Zoé.
_9112507
700 1 _aCritchlow, Terence.
_9112508
942 _2ddc
_cBK
999 _c36870
_d36870